A text book of Accounting the management (Record no. 626)

MARC details
000 -LEADER
fixed length control field 00440nam a22001697a 4500
005 - DATE AND TIME OF LATEST TRANSACTION
control field 20160512101157.0
008 - FIXED-LENGTH DATA ELEMENTS--GENERAL INFORMATION
fixed length control field 160512b xxu||||| |||| 00| 0 eng d
020 ## - INTERNATIONAL STANDARD BOOK NUMBER
ISBN 81-259-2140-0
041 ## - LANGUAGE CODE
Language code of text/sound track or separate title eng
082 ## - DEWEY DECIMAL CLASSIFICATION NUMBER
Item number 1545
100 ## - MAIN ENTRY--AUTHOR NAME
Personal name Maheshwari S.N. Maheshwari S.K.
245 ## - TITLE STATEMENT
Title A text book of Accounting the management
260 ## - PUBLICATION, DISTRIBUTION, ETC. (IMPRINT)
Place of publication NOIDA
Name of publisher VIKAS PUBLISHING HOUSE
Year of publication 2006
300 ## - PHYSICAL DESCRIPTION
Number of Pages 4.302
650 ## - SUBJECT ADDED ENTRY--TOPICAL TERM
Topical Term Management
942 ## - ADDED ENTRY ELEMENTS (KOHA)
Koha item type Books
Holdings
Lost status Damaged status Home library Current library Shelving location Date acquired Cost, normal purchase price Full call number Accession Number Koha item type Collection code
    JRU Library   SHELF-20-F 12/05/2016 410.00 1545 1545 Books  
    JRU Library JRU Library SHELF-73-L 12/05/2016 410.00 1545 1546 Books MANAGEMENT
    JRU Library   SHELF-20-F 12/05/2016 410.00 1545 1547 Books  
    JRU Library JRU Library SHELF-73-L 12/05/2016 410.00 1545 1548 Books MANAGEMENT
    JRU Library JRU Library Shelf - 27- F 12/05/2016 410.00 1545 1549 Books MANAGEMENT